00650cam a22001451 4500082001800000100003400018245025100052250001200303260004800315300003200363526003700395526003700432650002700469650000800496 a621.3bRAPcL1 aRapson, Ernest Thomas Arthur,10aExperimental electrical engineering;ba book covering the experimental work necessary for students taking the ordinary and higher national certificates in electrical engineering, and also the B. Sc. and I. E. E. examinations,cby E. T. A. Rapson. a4th ed. aLondon,bSir I. Pitman & Sons, Ltd.,c1943. aix, 205 p.bdiagrs.c19 cm. a0b0c0d621_300000000000000_RAP a0b0c0d621_300000000000000_RAP 0aElectrical engineering 0aMCE